Návrh sociálneho programu za účelom stabilizácie zamestnancov v podniku TECHKLIMA s.r.o.

Gespeichert in:
Bibliographische Detailangaben
1. Verfasser: Hrušovská, Silvia (Verfasst von)
Weitere Verfasser: Šefčíková, Miriam (Betreuung Doktorarbeit)
Format: Manuskript Buch
Sprache:Slowakisch
Veröffentlicht: 2018
Schlagworte:
Online-Zugang:http://is.stuba.sk/zp/portal_zp.pl?podrobnosti=138772
Tags: Tag hinzufügen
Keine Tags, Fügen Sie das erste Tag hinzu!

MARC

LEADER 00000ntm a22000003a 4500
001 stuzp69185
003 SK-STU
005 20180820161003.0
007 ta
008 150427s2015----xo-----f-mn---000-0-slo-d
040 |a STU  |b slo 
041 0 |a slo 
100 1 |a Hrušovská, Silvia  |u 064000  |4 aut  |U MTF Materiálovotechnologická fakulta  |T MTF Ústav priemyselného inžinierstva a manažmentu  |X 65601  |U M4000  |Y 84  |7 65601 
242 0 1 |a Proposal of Social Agenda to Stabilize Employees in an Enterprise TECHKLIMA s.r.o.  |y eng 
245 1 0 |a Návrh sociálneho programu za účelom stabilizácie zamestnancov v podniku TECHKLIMA s.r.o. 
260 |c 2018 
650 4 |a Podnik  |2 slo 
650 4 |a ľudské zdroje  |2 slo 
650 4 |a riadenie  |2 slo 
650 4 |a zamestnanci  |2 slo 
650 4 |a sociálny program  |2 slo 
650 4 |a starostlivosť  |2 slo 
650 4 |a Company  |2 eng 
650 4 |a management  |2 eng 
650 4 |a employees  |2 eng 
650 4 |a social programme  |2 eng 
650 4 |a care  |2 eng 
650 4 |a human resources  |2 eng 
700 1 |a Šefčíková, Miriam  |u 064000  |k Z1  |4 ths  |U MTF Materiálovotechnologická fakulta  |T MTF Ústav priemyselného inžinierstva a manažmentu  |X 2854  |U M4000  |Y 84  |7 A000002854 
856 4 |u http://is.stuba.sk/zp/portal_zp.pl?podrobnosti=138772 
996 |c M* DP-13677  |l MMSKP  |s P  |a 0  |w stuzp69185_0001